000 00430nam a2200181Ia 4500
005 20240823020147.0
008 240823s9999||||xx |||||||||||||| ||und||
041 _aENGLISH
082 _A516.24 J3
100 _aHariharan P
245 0 _aTrigonometry For Intermediate Students
250 _a1st
260 _c1953
_b#VALUE!
500 _aTRANSFERED
650 _aTrigonometry
_bMathematics
942 _cBK
999 _c174100
_d174100